000 00393 a2200121 4500
001 ART_12594
005 20260410161907.0
008 260409a
245 1 0 _aMonopolistic Export Industries , Trade Taxes, and Optimal Competition Policy
100 1 _aAuquier, A.
700 1 _aCaves, Richard E.
773 0 _tThe Economic Journal
_g- Vol. 89, NÂș 355 (set. 1979)
_wREV12512
999 _c26489
_d26489